000 00307nam a22001337a 4500
008 181107b xxu||||| |||| 00| 0 eng d
020 _a9781857283846
041 _aeng
080 _a070
100 _a28
101 _aMED
245 _aMedia Culture And The Environment
_cAnderson.A
942 _2udc
_cBK
999 _c52194
_d52194